000 00378nam a2200157Ia 4500
008 230524s9999 xx 000 0 und d
082 _a4
_bGAN
100 _aMeeta Gandhi
245 0 _aVijayamukhi's the Codyssey C++ and Graphics
250 _a1ST
260 _aNEW DELHI
_bBPB
_c1992
300 _aV;480
500 _aQuantity Number: 3
650 _aComp-Sc
942 _cBK
999 _c26191
_d26191